Internetový reklamný systém bakalárska práca

Gespeichert in:
Bibliographische Detailangaben
1. Verfasser: Polakovičová, Jana
Körperschaft: Fakulta hospodárskej informatiky EU. Katedra aplikovanej informatiky
Weitere Verfasser: Szivósová, Mária, 1958-
Format: Buch
Sprache:Slowakisch
Veröffentlicht: Bratislava 2015
Tags: Tag hinzufügen
Keine Tags, Fügen Sie das erste Tag hinzu!

MARC

LEADER 00000nbm a2200000 4500
001 0206567
005 20161212114623.3
041 0 |a slo 
044 |a SK 
245 1 0 |a Internetový reklamný systém  |b bakalárska práca  |c Jana Polakovičová ; školiteľ: Mária Szivósová 
264 1 |a Bratislava  |c 2015 
300 |a 49 s. 
100 1 |a Polakovičová, Jana 
700 1 |a Szivósová, Mária, 1958- 
710 2 |a Fakulta hospodárskej informatiky EU. Katedra aplikovanej informatiky